Multiverse, (Mundos paralelos) / (Record no. 180919)

MARC details
000 -LEADER
campo de control de longitud fija 01138nam a2200265 i 4500
001 - NÚMERO DE CONTROL
campo de control 180919
003 - IDENTIFICADOR DE NÚMERO DE CONTROL
campo de control ES-MaACL
005 - FECHA Y HORA DE LA ÚLTIMA TRANSACCIÓN
campo de control 20240615063032.0
008 - DATOS DE LONGITUD FIJA--INFORMACIÓN GENERAL
campo de control de longitud fija 120829s2012 sp a |||| |dspa d
080 ## - NÚMERO DE LA CLASIFICACIÓN DECIMAL UNIVERSAL
Número de la Clasificación Decimal Universal 75 Cisneros, Ricardo
100 1# - ENTRADA PRINCIPAL--NOMBRE DE PERSONA
Nombre de persona Cisneros, Ricardo.
9 (RLIN) 151367
245 10 - MENCIÓN DEL TÍTULO
Título Multiverse, (Mundos paralelos) /
Mención de responsabilidad, etc. Ricardo Cisneros ; [proyecto curatorial, Monika Bravo].
260 ## - PUBLICACIÓN, DISTRIBUCIÓN, ETC.
Lugar de publicación, distribución, etc. [S.l. :
Nombre del editor, distribuidor, etc. s.n.,
Fecha de publicación, distribución, etc. 2012]
300 ## - DESCRIPCIÓN FÍSICA
Extensión [44 p.] :
Otras características físicas il. col. ;
Dimensiones 20 cm. +
Material acompañante/anejo 1 disco compacto (CD-ROM)
500 ## - NOTA GENERAL
Nota general Catálogo de la exposición organizada por la Sección de Artes Plásticas del Ateneo de Madrid, en la sala de exposiciones de Prado 19 del 30 de mayo al 21 de junio de 2012.
600 14 - PUNTO DE ACCESO ADICIONAL DE MATERIA--NOMBRE DE PERSONA
Nombre de persona Cisneros, Ricardo-
Subdivisión de forma Exposiciones.
9 (RLIN) 151368
610 24 - PUNTO DE ACCESO ADICIONAL DE MATERIA--NOMBRE DE ENTIDAD CORPORATIVA
Nombre de entidad corporativa o nombre de jurisdicción como elemento de entrada Ateneo de Madrid-
Subdivisión de forma Exposiciones-
Subdivisión cronológica 2010-2019.
9 (RLIN) 144911
655 #7 - TERMINO DE INDIZACIÓN--GENERO/FORMA
Fuente del término tgfbne
9 (RLIN) 193628
Datos o término principal de género/forma Catálogos de exposiciones
700 1# - ENTRADA AGREGADA--NOMBRE PERSONAL
Nombre de persona Bravo, Monika.
9 (RLIN) 151369
710 2# - ENTRADA AGREGADA--NOMBRE DE ENTIDAD CORPORATIVA
Nombre de entidad corporativa o nombre de jurisdicción como elemento de entrada Ateneo de Madrid.
Unidad subordinada Sección de Artes Plásticas.
9 (RLIN) 1970
852 ## - LOCALIZACIÓN
Ubicación ES-MaACL
Número de control de estantería 2318-F-2
Ubicación en estantería Depósito folletos
itemnumber 187799
852 ## - LOCALIZACIÓN
Ubicación ES-MaACL
Número de control de estantería ROT 6/3/16
itemnumber 203496
Ubicación en estantería Rotativo
942 ## - ELEMENTOS DE ENTRADA SECUNDARIOS (KOHA)
Fuente del sistema de clasificación o colocación Clasificación decimal universal
Holdings
Estatus retirado Estado de pérdida Fuente del sistema de clasificación o colocación Estado de daño No para préstamo Colección Biblioteca de origen Biblioteca actual Ubicación en estantería Fecha de adquisición Total de préstamos Signatura topográfica completa Código de barras Visto por última vez Precio de reemplazo Tipo de ítem Koha
    Clasificación decimal universal     Colección de folletos Biblioteca del Ateneo de Madrid Biblioteca del Ateneo de Madrid Depósito folletos 29/08/2012   2318-F-2 1190116 23/02/2023 23/02/2023 Folleto
    Clasificación decimal universal       Biblioteca del Ateneo de Madrid Biblioteca del Ateneo de Madrid Rotativo 13/06/2024   ROT 6/3/16 101228501 13/06/2024 13/06/2024 Archivo de ordenador en CD-ROM, CD o disquete